000 00783nam a2200181 i 4500
001 132440
003 ES-MaACL
005 20230906194158.0
007 t|
008 070214s1917 sp r ||||1| spa d
100 1 _aRomero González, Fernando.
_999397
245 1 0 _aMemoria acerca del estado del Instituto General y Técnico de Navarra durante el curso académico de 1915 a 1916
_b: leida el día 1º de octubre de este último año en la solemne apertura del curso de 1916 a 1917 /
_cpor Fernando Romero González.
260 _aPamplona :
_b[s. n.],
_c1917 (
_fImp. Provincial)
300 _a63 p. ;
_c24 cm.
610 2 4 _aInstituto General y Técnico de Navarra-
_vMemorias.
_9159286
710 2 _aInstituto General y Técnico de Navarra.
_95067
852 _aES-MaACL
_j1540-F-4
999 _c132440
_d132440